000 01034nam a2200349Ia 4500
001 Z_4279
003 CHAP
008 220113s1972 xx 000 0 und d
010 _a167344
040 _cCHAP
082 _a574.87 N68
100 _aNavikoff, Alex B.
_9141514
245 _aEstructura y dinámica celular /
_cAlex B. Navikoff y Eric Holtzman; traducción Roberto Folch Fabre
260 _aMéxico :
_bInteramericana,
_c1972
300 _ax, 330 p.
500 _aTraducción de la obra en inglés: Cells and organelles, primera edición de 1970
503 _aej.1: s/n
504 _aIncluye bibliografía e índice
650 _aBiología celular
_9139482
650 _aCelulas
_9141509
650 _aCitología
_923489
650 _aCitoquímica
_9141510
650 _aEstructuras celulares
_9141511
700 _a Folch Fabre, Roberto, tr.
_9141515
700 _aHoltzman, Eric, couat.
_9141516
901 _a574.87 N68
902 _aM
910 _a1972
942 _c1
942 _cc1
999 _c167344
_d167344